| 000 | 00597nam a22001937a 4500 | ||
|---|---|---|---|
| 999 |
_c527097 _d527097 |
||
| 003 | NUST | ||
| 005 | 20190720111814.0 | ||
| 008 | 190720b ||||| |||| 00| 0 eng d | ||
| 020 | _qHard Cover. | ||
| 038 | _aAttaullah. | ||
| 082 | _a658.4 | ||
| 100 |
_aQureshi, Rehan Ahmad _918192 |
||
| 245 |
_aPerformance Management Systems at Mobilink: Perspectives of Multiple Stakeholders / _cRehan Ahmad Qureshi. |
||
| 260 |
_aIslamabad : _bNBS - NUST, _c2015. |
||
| 300 |
_a127 p. : ill. ; _c30cm. |
||
| 650 |
_aEMBA Thesis. _917645 |
||
| 700 |
_aSyeda Ambreen Zehra Taqvi. _918193 |
||
| 942 |
_2ddc _cTHE |
||